| 000 | 01218nam a2200301 a 4500 | ||
|---|---|---|---|
| 001 | BRCA_8678 | ||
| 003 | FranzMayer | ||
| 005 | 20210407103707.0 | ||
| 008 | 081216s1800----mx-#######---#000-0#lat-# | ||
| 040 | _cTV/MFM | ||
| 041 | _alat | ||
| 050 | 4 |
_aBV169 _b.V57 |
|
| 245 | 1 | 0 | _aOfficium Beatae Mariae. Ad vesperas (Oficio de las Vísperas de María) |
| 260 |
_a[s.l.] _b[s.i.] _c1800 |
||
| 300 |
_a1 vol. (sin paginación) _c64 cm |
||
| 500 | _aFondo antiguo | ||
| 500 | _aSe encuentra en Caja Fuerte | ||
| 500 | _aX-544 | ||
| 500 | _aLibro de coro de las religiosas agustinas a Nuestra Señora del PilarCon letras capitulares en color rojo y azul | ||
| 500 | _aContiene pentagramas musicales | ||
| 500 | _aEstado físico: daño por polilla localizado en la parte inferior de las primeras páginas del documento | ||
| 500 | _aNota de encuadernación: piel sobre madera con ornamentos dorados, broches y herrajes en oro, cantos en color rojo | ||
| 506 | 0 | _aFondo reservado: para su consulta es necesario credencial de usuario y carta de motivos | |
| 650 | 1 | 4 |
_aIglesia católica _eLiturgia _vManuscritos _921645 |
| 650 | 1 | 4 |
_aLibros de coro _eIglesia católica _921646 |
| 902 | _aLAR | ||
| 942 |
_2lcc _cB |
||
| 999 |
_c8335 _d8335 |
||